Vnímanie environmentálnej značky spotrebiteľmi bakalárska práca

Enregistré dans:
Détails bibliographiques
Auteur principal: Majerčáková, Silvia
Collectivité auteur: Obchodná fakulta EU. Katedra marketingu
Autres auteurs: Klepochová, Dagmar, 1968-
Format: Livre
Langue:slovaque
Publié: Bratislava 2014
Tags: Ajouter un tag
Pas de tags, Soyez le premier à ajouter un tag!

MARC

LEADER 00000nbm a2200000 4500
001 0188325
005 20170201101555.4
041 0 |a slo 
044 |a SK 
245 1 0 |a Vnímanie environmentálnej značky spotrebiteľmi  |b bakalárska práca  |c Silvia Majerčáková ; školiteľ: Dagmar Klepochová 
264 1 |a Bratislava  |c 2014 
300 |a 56 s. 
100 1 |a Majerčáková, Silvia 
700 1 |a Klepochová, Dagmar, 1968- 
710 2 |a Obchodná fakulta EU. Katedra marketingu